| 000 | 00577nam a22001937a 4500 | ||
|---|---|---|---|
| 999 |
_c166303 _d166303 |
||
| 005 | 20190718170616.0 | ||
| 010 | _aENG-126008 | ||
| 020 |
_c595.00 _a9789353334505 |
||
| 035 | _aEN-109540 | ||
| 037 | _bDBAD/PUB | ||
| 082 | _a320.9 | ||
| 100 | _aChaturvedi, B.K. | ||
| 245 |
_aChallenges of governance : _cby S.L.Bhyrappa _ban insider's view / |
||
| 260 |
_aNew Delhi _bRupa Publications _c2019 |
||
| 270 |
_a7/16, Ansari Road _bDaryaganj, New Delhi _e110002 |
||
| 300 |
_axii,220p. _c22cm(Hb) |
||
| 500 | _aIncludes index | ||
| 942 |
_2ddc _cEN _h320.9 _mCHA |
||